000 00631nam a2200217Ia 4500
005 20230213142329.0
008 131103s9999 xx 000 0 und d
020 _a140177566
_cGBP 6.99
040 _aLoreto College
041 _aEnglish
082 _a820.9
_bPOL
245 4 _aThe Victorian
_cedited by Arthur Pollard
260 _aLondon
_bPenguin Books
_c1987
300 _a6v.(ix,582) p.
440 _aPenguin history of literature
504 _aIncludes bibliographical references and index
650 _aEnglish Literature - history and Criticism
700 _aPollard, Arthur, ed.
850 _aLCLIB
942 _cBK
999 _c6805
_d57284